000 01268cam a2200325 a 4500
001 11933108
003 OSt
005 20151013102448.0
008 000306s2001 mauak 001 0 eng
010 _a 00027780
020 _a0072314036 (acidfree paper)
040 _aDLC
_cDLC
_dDLC
043 _an-us---
050 0 0 _aKF3455
_b.B46 2001
082 0 0 _a344.7301
_221
100 1 _aBennett-Alexander, Dawn.
245 1 0 _aEmployment law for business /
_cDawn D. Bennett-Alexander, Laura Pincus Hartman.
250 _a3rd ed.
260 _aBoston, Mass. :
_bIrwin/McGraw-Hill,
_cc2001.
300 _axx, 795 p. :
_bill., forms ;
_c24 cm.
500 _aIncludes index.
650 0 _aLabor laws and legislation
_zUnited States.
650 0 _aDiscrimination in employment
_xLaw and legislation
_zUnited States.
700 1 _aHartman, Laura Pincus.
856 4 2 _3Publisher description
_uhttp://www.loc.gov/catdir/description/mh021/00027780.html
856 4 1 _3Table of contents
_uhttp://www.loc.gov/catdir/toc/mh021/00027780.html
906 _a7
_bcbc
_corignew
_d1
_eocip
_f20
_gy-gencatlg
942 _2lcc
_cBK
999 _c250434
_d250434